Newman Catholique d’après des documents nouveaux (Registro nro. 301558)

Detalles MARC
000 -ENCABEZADO
Número de control [NR] 01837nam a22002777a 4500
005 - FECHA Y HORA DE LA ÚLTIMA TRANSACCIÓN
control field 20151125094451.0
008 - DE LONGITUD FIJA DE DATOS DE ELEMENTOS - INFORMACIÓN GENERAL
Elementos de longitud fija [NR] 150921s1912 fr ||||fr|||| 00| 0bfre d
040 ## - FUENTE DE CATALOGACION [NR]
Quien Cataloga Sandra Yazo
Quien Clasifica Sandra Yazo
041 0# - CODIGO DE IDIOMA [R]
Código de idioma para texto/pista de sonido o título separado [R] Francés
082 04 - NUMERO DE CLASIFICACION DECIMAL DEWEY [R]
Número de la edición [NR] 20
Número de clasificación [R] 922
092 ## - SIGNATURA TOPOGRAFICA LOCAL
Número de clasificación local E37N068
100 1# - ASIENTO PRINCIPAL--NOMBRE PERSONAL [NR]
Nombre personal [NR] Thureau-Dangin, Paul
Fechas asociadas con el nombre [NR] 1837-1913
ID Autoridad 71642
242 00 - TRADUCCION DEL TITULO POR LA AGENCIA CATALOGADORA [R]
Título [NR] Newman, católico, según documentos nuevos
Código de idioma del título traducido [NR] spa
Mención de responsabilidad, etc. [NR] Paul Thureau-Dangin
Nombre de la parte o sección [R] spa
245 10 - MENCION DE TITULO [NR]
Título [NR] Newman Catholique d’après des documents nouveaux
Mención de responsabilidad, etc. [NR] Paul Thureau-Dangin
250 ## - MENCION DE EDICION [NR]
Mención de edición [NR] Troisième édition [Tercera edición]
260 ## - PUBLICACION, DISTRIBUCION, ETC. (PIE DE IMPRENTA) [R]
Lugar de publicación, distribución, etc. [R] París (Francia)
Nombre del editor, distribuidor, etc. [R] Plon-Nourrit et Cie., Imprimeurs-Éditeurs [Plon-Nourrit y Compañía, impresores-editores]
Fecha de publicación, distribución, etc. [R] 1912
300 ## - DESCRIPCION FISICA [R]
Extensión [R] vii, 244 páginas
Dimensiones [R] 19 x 12 cm.
500 ## - NOTA GENERAL [R]
Nota general [NR] Detalles físicos: Encuadernación en flexible en cartulina. Tapas y lomo con datos de publicación impresos. Hoja de cortesía. Anteportada con una anotación de donación. Portada impresa en una soal tinta con el emblema de la editorial Plon. Texto impreso en una sola columna. Márgenes amplios. Algunas notas de pie de página. Papel manchado. Tapas desprendidas y lomo roto
505 1# - NOTA DE CONTENIDO CON FORMATO PREESTABLECIDO [R]
Nota de contenido con formato preestablecido [NR] Origen de las disensiones de Newman con la autoridad eclesiástica ; Los primeros desengaños (1851-1858) ; Newman y el Rambler (1858-1864) ; Años de tristeza y depresión (1859-1864) ; Se impide a Newman establecerse en Oxford (1864-1867) ; El recurso a Roma (1867) ; Newman en el retiro y la inacción (1867-1870) ; Newman y la infalibilidad del Papa (1868-1878) ; Cardenalato y últimos años (1878-1890)
506 ## - NOTA DE RESTRICCIONES DE ACCESO [R]
Condiciones de acceso [NR] Consulta en sala
546 ## - NOTA DE IDIOMA [R]
Nota de idioma [NR] Texto en francés
600 14 - ASIENTO SECUNDARIO DE MATERIA - NOMBRE PERSONAL [R]
Nombre personal [NR] Newman, John-Henry
Fechas asociadas con el nombre [NR] 1801-1890
Subdivisión general [R] Crítica e interpretación
9 (RLIN) 71643
650 #7 - ASIENTO SECUNDARIO DE MATERIA - TERMINO TEMATICO [R]
9 (RLIN) 49413
Término temático o nombre geográfico como elemento de entrada [NR] Iglesia Católica
Subdivisión general [R] Historia
Subdivisión geográfica [R] Inglaterra
690 ## - ASUNTO AGREGADO LOCAL DE ENTRADA - TÉRMINO TEMÁTICO (OCLC, RLIN)
9 (RLIN) 42750
Acceso temático local Biografías
942 ## - ELEMENTOS DE ENTRADA AGREGADOS (KOHA)
Sistema de clasificación LOCAL
Tipo de ítem principal el descrito en 300a Libro
Edición 1
Clasificación E37N068
Existencias
Suprimido Perdido Sistema de clasificación Dañado No prestable Tipo de ítem específico Ubicación habitual Ubicación actual Localización Fecha de creación Forma de adquisición Costo Total préstamos Signatura topográfica Código de barras Última vez visto Ejemplar Price effective from Tipo de ítem
    LOCAL     Libro archivo Archivo Histórico Archivo Histórico Archivo histórico 21/09/2015 Donación 0.00   E37N068 L005160 21/09/2015 Ej.1 21/09/2015 Libro
    LOCAL     Libro archivo Archivo Histórico Archivo Histórico Archivo histórico 25/09/2015 Donación 0.00   E37N068 L005184 25/09/2015 Ej.2 25/09/2015 Libro